MARC details
| 000 -LEADER |
| fixed length control field |
01832cas a2200445 a 4500 |
| 001 - CONTROL NUMBER |
| control field |
11402570 |
| 005 - DATE AND TIME OF LATEST TRANSACTION |
| control field |
20081126050418.0 |
| 007 - PHYSICAL DESCRIPTION FIXED FIELD--GENERAL INFORMATION |
| fixed length control field |
t| |
| 008 - FIXED-LENGTH DATA ELEMENTS--GENERAL INFORMATION |
| fixed length control field |
920408d19921999nyubr p 0 a0eng d |
| 010 ## - LIBRARY OF CONGRESS CONTROL NUMBER |
| LC control number |
92642706 |
| Canceled/invalid LC control number |
sn 92025204 |
| 020 ## - INTERNATIONAL STANDARD BOOK NUMBER |
| International Standard Book Number |
9780080449654 |
| 030 ## - CODEN DESIGNATION |
| CODEN |
NMAEE7 |
| 035 ## - SYSTEM CONTROL NUMBER |
| System control number |
(OCoLC)ocm25608659 |
| 040 ## - CATALOGING SOURCE |
| Original cataloging agency |
AU |
| Transcribing agency |
AU |
| Modifying agency |
OUCA |
| -- |
MH |
| -- |
DLC |
| -- |
NST |
| -- |
MCM |
| -- |
DLC |
| -- |
NST |
| -- |
WaU |
| -- |
NSDP |
| -- |
MCM |
| -- |
GU |
| -- |
MH |
| -- |
CU-S |
| -- |
WaU |
| -- |
MH |
| -- |
DNLM |
| -- |
OCoLC |
| -- |
NLGGC |
| -- |
MiEM |
| 042 ## - AUTHENTICATION CODE |
| Authentication code |
lc |
| -- |
nsdp |
| 050 00 - LIBRARY OF CONGRESS CALL NUMBER |
| Classification number |
T174.7 |
| Item number |
.N36 |
| 082 00 - DEWEY DECIMAL CLASSIFICATION NUMBER |
| Classification number |
620.11299 |
| Edition number |
20 |
| Item number |
NAN |
| 245 00 - TITLE STATEMENT |
| Title |
Nanostructured materials / |
| Statement of responsibility, etc |
Edited by Gerhard Wilde. |
| 246 13 - VARYING FORM OF TITLE |
| Title proper/short title |
NSM |
| 260 ## - PUBLICATION, DISTRIBUTION, ETC. (IMPRINT) |
| Place of publication, distribution, etc |
Amsterdam:: |
| Name of publisher, distributor, etc |
Elsevier, |
| Date of publication, distribution, etc |
c.2009. |
| 300 ## - PHYSICAL DESCRIPTION |
| Extent |
374p |
| Other physical details |
ill. ; |
| Dimensions |
26 cm. |
| 362 1# - DATES OF PUBLICATION AND/OR SEQUENTIAL DESIGNATION |
| Dates of publication and/or sequential designation |
Ceased publication in 1999? |
| 500 ## - GENERAL NOTE |
| General note |
Includes Index. |
| 580 ## - LINKING ENTRY COMPLEXITY NOTE |
| Linking entry complexity note |
Absorbed in part by: Acta materialia: and Scripta materialia. |
| 590 ## - LOCAL NOTE (RLIN) |
| Local note |
SERBIB/SERLOC merged record |
| 650 #0 - SUBJECT ADDED ENTRY--TOPICAL TERM |
| Topical term or geographic name as entry element |
Nanotechnology |
| Form subdivision |
Periodicals. |
| 9 (RLIN) |
3825 |
| 650 #0 - SUBJECT ADDED ENTRY--TOPICAL TERM |
| Topical term or geographic name as entry element |
Metallography |
| Form subdivision |
Periodicals. |
| 9 (RLIN) |
3826 |
| 650 #0 - SUBJECT ADDED ENTRY--TOPICAL TERM |
| Topical term or geographic name as entry element |
Materials |
| Form subdivision |
Periodicals. |
| 9 (RLIN) |
3827 |
| 650 17 - SUBJECT ADDED ENTRY--TOPICAL TERM |
| Topical term or geographic name as entry element |
Nanokristallijne materialen. |
| Source of heading or term |
gtt |
| 9 (RLIN) |
3828 |
| 650 17 - SUBJECT ADDED ENTRY--TOPICAL TERM |
| Topical term or geographic name as entry element |
Nanostructuren. |
| Source of heading or term |
gtt |
| 9 (RLIN) |
3829 |
| 785 15 - SUCCEEDING ENTRY |
| Title |
Acta materialia |
| International Standard Serial Number |
1359-6454 |
| Record control number |
(DLC) 96643329 |
| -- |
(OCoLC)33966736 |
| 785 15 - SUCCEEDING ENTRY |
| Title |
Scripta materialia |
| International Standard Serial Number |
1359-6462 |
| Record control number |
(DLC) 96660540 |
| -- |
(OCoLC)33869183 |
| 787 1# - NONSPECIFIC RELATIONSHIP ENTRY |
| Title |
Acta metallurgica et materialia |
| Relationship information |
1992-1995 |
| International Standard Serial Number |
0956-7151 |
| Record control number |
(DLC) 90648511 |
| -- |
(OCoLC)21019048 |
| 787 1# - NONSPECIFIC RELATIONSHIP ENTRY |
| Title |
Scripta metallurgica et materialia |
| Relationship information |
1992-1995 |
| International Standard Serial Number |
0956-716X |
| Record control number |
(DLC) 90643182 |
| -- |
(OCoLC)21003869 |
| 942 ## - ADDED ENTRY ELEMENTS (KOHA) |
| Source of classification or shelving scheme |
Dewey Decimal Classification |
| Item type |
Book - Borrowing |